| 000 | 01218cam a2200373 a 4500 | ||
|---|---|---|---|
| 001 | 1024 | ||
| 005 | 20250619155357.0 | ||
| 020 | _a0375827358 (trade) | ||
| 020 | _a0375927352 (lib. bdg.) | ||
| 020 | _a9780545382663 | ||
| 040 |
_aDLC _cDLC _dDLC _beng |
||
| 050 | 0 | 0 |
_aPZ7.O81167 _bSte 2004 |
| 082 | 0 | 0 |
_a[Fic] _222 |
| 100 | 1 | _aOsborne, Mary Pope | |
| 245 | 1 | 0 |
_aSummer of the sea serpent / _cby Mary Pope Osborne ; illustrated by Sal Murdocca |
| 260 |
_aNew York : _bScholastic, _c2004 |
||
| 300 |
_a111 pages : _billustrations ; _c20 cm |
||
| 490 | 1 |
_aMagic tree house ; _vBook 31 |
|
| 500 | _a"A Stepping Stone book." | ||
| 500 | _aSeries no. from jacket. | ||
| 505 | _aM | ||
| 520 | _aJack and Annie travel in their magic tree house to the land of the mystical selkies to seek a magical sword for Merlin. | ||
| 521 |
_a550
_bLexile |
||
| 521 |
_aM
_bRaz-Plus |
||
| 650 | 1 |
_aTime travel _vFiction. |
|
| 650 | 1 |
_aMagic _vFiction. |
|
| 650 | 1 |
_aSelkies _vFiction. |
|
| 650 | 1 |
_aSwords _vFiction. |
|
| 650 | 1 |
_aTree houses _vFiction. |
|
| 650 | 1 |
_aSiblings _vFiction. |
|
| 700 | 1 |
_aMurdocca, Sal, _eillustrator |
|
| 906 |
_a7 _bcbc _corignew _d1 _eecip _f20 _gy-gencatlg |
||
| 942 |
_2ddc _cBK _n0 |
||
| 999 |
_c1024 _d1024 |
||